BANCOS DE FOMENTO

محفوظ في:
التفاصيل البيبلوغرافية
المؤلف الرئيسي: Diamond, William (autor)
التنسيق: كتاب
الوسوم: إضافة وسم
لا توجد وسوم, كن أول من يضع وسما على هذه التسجيلة!

MARC

LEADER 00000nam^a2200000^a^4500
001 000202857
005 20250521000000.0
009 20260310102953.024
035 |a 021743 
037 |a Acervo Xavier Clavigero 
082 |a 331. 7  |b DIA 
100 |a Diamond, William  |e (autor) 
245 1 0 |a BANCOS DE FOMENTO 
264 |a MEXICO :  |b FONDO DE CULTURA ECONOMICA,  |c 1960 
336 |a texto  |b txt  |2 rdacontenido 
337 |a sin mediación  |b n  |2 rdamedio 
338 |a volumen  |b nc  |2 rdasoporte 
649 |a XX 
910 |a Fondo General 
920 |a Impresos - Libros 
930 |a Colección General 
905 |a 101 
901 |a 021743  |b IT1  |c ACC  |i 021743  |u 20250521 
902 |a https://opac.biblio.iteso.mx/vufind/Record/000202857